[Event "Open"]
[Site "Granada ESP"]
[Date "2007.12.09"]
[Round "9"]
[White "Teran Alvarez,I"]
[Black "Saldano,H"]
[Result "1/2-1/2"]
[WhiteElo "2402"]
[BlackElo "2452"]

1.e4 d6 2.d4 Nf6 3.Nc3 e5 4.Nf3 Nbd7 5.Bc4 Be7 6.O-O O-O 7.Re1 c6 8.a4 b6
9.d5 cxd5 10.Nxd5 Bb7 11.b3 Rc8 12.Re2 Nc5 13.Nxf6+ Bxf6 14.Bd5 Qd7 15.Ba3 Bxd5
16.Qxd5 Rfd8 17.Rd1 Ne6 18.Red2 Nd4 19.Nxd4 exd4 20.g3 g6 21.Qb5 Qb7 22.Qe2 Re8
23.Qf3 Re6 24.Re2 Rc3 25.Rd3 b5 26.axb5 Qxb5 27.Kf1 a5 28.Bb2 Rc8 29.Kg2 Qb6
30.Red2 Bg7 31.Bxd4 Bxd4 32.Rxd4 Rxc2 33.Rxd6 Rxd2 34.Rxd2 Qb4 35.Re2 a4
36.bxa4 Qxa4 37.Qd3 Qb4 38.h4 h5 39.Qd5 Qa4 40.Kh2 Qb4 41.Qd8+ Qf8 42.Qd5 Qe7
43.Kg2 Rd6 44.Qc5 Qe6 45.Qe3 Rd8 46.Rb2 Re8 47.Rb4 Kg7 48.Rd4 Qc6 49.Qd3 Qe6
50.Rc4 Re7 51.Qc3+ Qe5 52.Qd3 Re8 53.f4 Qb2+ 54.Rc2 Rd8 55.Qc3+ Qxc3 56.Rxc3 Rd7
57.Kf3 Ra7 58.Rd3 Ra4 59.Rd5 Ra3+ 60.Kf2 Rb3 61.Rd7 Ra3 62.Rd5 Rb3 63.f5 gxf5
64.Rxf5 Kg6 65.Rf3 Rb5 66.Rd3 f6 67.Ke3 Ra5 68.Rd5 Ra3+ 69.Rd3 Ra4 70.Kf4 Ra5
71.Rd6 Rb5 72.g4 hxg4 73.Kxg4 Re5 74.Kf4 Rh5 75.Kg3 Re5 76.Rd4 f5 77.Rd6+ Kh7
78.Kf4  1/2-1/2

[Event "XVII Magistral"]
[Site "Elgoibar ESP"]
[Date "2007.12.10"]
[Round "1"]
[White "Vega Gutierrez,S"]
[Black "Larino Nieto,D"]
[Result "0-1"]
[WhiteElo "2331"]
[BlackElo "2428"]

1.e4 d6 2.d4 Nf6 3.Nc3 Nbd7 4.g4 h6 5.h4 e5 6.d5 Nc5 7.f3 Be7 8.Bb5+ Nfd7
9.b4 Bxh4+ 10.Kf1 Na6 11.a3 Nb8 12.Ba4 Bg5 13.Nge2 Kf8 14.Rh5 Qf6 15.Kg2 Bxc1
16.Qxc1 Qg6 17.Qe3 a5 18.Nb5 axb4 19.axb4 Na6 20.Bb3 Nf6 21.Rh3 Bd7 22.Bc4 Ke7
23.c3 h5 24.Rah1 Rhf8 25.Rxh5 Nxh5 26.Rxh5 Rh8 27.Ng3 Rxh5 28.Nxh5 Rh8 29.Kf2 Qh6
30.Qxh6 gxh6 31.Na3 Ra8 32.Nc2 c5 33.dxc6 bxc6 34.Ne3 Nc7 35.Ng3 Kf6 36.Nef5 Bxf5
37.Nxf5 d5 38.exd5 cxd5 39.Be2 h5 40.Kg3 Ra2 41.Bd3 hxg4 42.Kxg4 Ra3 43.b5 Rxc3
44.b6 Ne8 45.Bb5 Rc8 46.Bd7 Rb8 47.Ne3 d4 48.Nd5+ Kg6 49.Ne7+ Kg7 50.Bxe8 Rxe8
51.b7 Rb8 52.Nc6 Rxb7 53.Nxe5 Re7 54.Nc6 Rd7 55.Ne5 d3  0-1

[Event "UTD GM Invitational"]
[Site "Richardson USA"]
[Date "2007.12.10"]
[Round "7"]
[White "Panchanathan,M"]
[Black "Izoria,Z"]
[Result "1/2-1/2"]
[WhiteElo "2500"]
[BlackElo "2643"]

1.e4 d6 2.d4 Nf6 3.Nc3 e5 4.dxe5 dxe5 5.Qxd8+ Kxd8 6.Bc4 Ke8 7.Nge2 c6 8.a4 a5
9.Bg5 Be7 10.O-O Nbd7 11.Ng3 g6 12.Rad1 Nc5 13.f4 Ng4 14.Rde1 f6 15.Bh4 exf4
16.e5 f5 17.Bxe7 Kxe7 18.Rxf4 Be6 19.h3 Nh6 20.Nf1 g5 21.Rd4 f4 22.Bxe6 Nxe6
23.Rd2 Nf5 24.Ne4 Rad8 25.Kf2 h6 26.Red1 Rxd2+ 27.Rxd2 Rd8 28.c3 Rd5 29.Rxd5 cxd5
30.Nf6 Nc5 31.Nxd5+ Ke6 32.Nb6 Nd3+ 33.Kf3 Nxb2 34.Nd2 Nh4+ 35.Ke4 Nd1 36.Nb3 Nf2+
37.Kd4 Nf5+ 38.Kc5 Ne4+ 39.Kc4 Kxe5 40.Nxa5 Ne3+ 41.Kb4 Nxg2 42.Nbc4+ Kd5
43.Nb2 f3 44.Nd1 f2 45.Nxf2 Nxf2 46.Nxb7 Kc6 47.Nd8+ Kc7 48.Nf7 Ne3 49.Nxh6 Nxh3
50.Kc5 g4 51.Nxg4 Nxg4 52.a5 Ne5 53.a6 Nc6 54.c4 Nf4 55.a7 Nxa7 56.Kd4 Ne6+
57.Kd5 Kd7 58.c5 Nc6 59.Ke4 Ned4 60.Kd5 Ke7 61.Ke4 Ke6 62.Kd3 Kf5 63.Ke3 Ke5
64.Kd3 Kf4 65.Kc4 Ke3 66.Kc3 Ne2+ 67.Kc2 Kd4 68.Kd2 Nc3 69.Kc2 Ne4 70.Kd1 Ke3
71.Ke1 Nd2 72.Kd1 Nf3 73.Kc2 Ke2 74.Kc3 Nd2 75.Kc2 Nc4 76.Kb3 N4e5 77.Kc2 Nf3
78.Kc3 Nd2 79.Kc2 Nf1 80.Kb3 Kd3 81.Ka4 Kc4 82.Ka3 Ne3 83.Ka4 Nd1 84.Ka3 Nc3
85.Kb2 Ne4 86.Kc2 Kd4 87.Kd1 Ke3 88.Ke1 Nd2 89.Kd1 Nf3 90.Kc2 Ke2 91.Kc3 Nd2
92.Kc2 Nf1 93.Kb3 Kd3 94.Ka4 Kc4 95.Ka3 Ne3 96.Ka4 Nf5 97.Ka3 Nfd4 98.Kb2 Kd3
99.Kc1 Ke2 100.Kb2 Kd2 101.Ka3 Kc3 102.Ka4 Kc4 103.Ka3 Nf5 104.Ka4 Ne3 105.Ka3 Nd1
106.Ka4 Nb2+ 107.Ka3 Kc3 108.Ka2 Nc4 109.Kb1 Kd2 110.Ka2  1/2-1/2

[Event "XVII Magistral"]
[Site "Elgoibar ESP"]
[Date "2007.12.11"]
[Round "2"]
[White "Korneev,O"]
[Black "Vega Gutierrez,S"]
[Result "1-0"]
[WhiteElo "2587"]
[BlackElo "2331"]

1.e4 d6 2.d4 Nf6 3.Nc3 e5 4.Nf3 Nbd7 5.Bc4 Be7 6.O-O O-O 7.Re1 c6 8.a4 a5
9.h3 Nb6 10.Ba2 Nfd7 11.dxe5 dxe5 12.Be3 Qc7 13.Ng5 Bxg5 14.Bxg5 Nc5 15.Qh5 Be6
16.Be3 Nbd7 17.Bxe6 Nxe6 18.Ne2 Ndc5 19.Ng3 Rfd8 20.Ra3 f6 21.Qe2 Qf7 22.Nf5 Rd7
23.Qc4 b6 24.b4 axb4 25.Qxb4 Ra6 26.Bxc5 bxc5 27.Qc4 Ra5 28.Rb1 h6 29.Rb6 Nd4
30.Nd6 Qxc4 31.Nxc4 Ra8 32.c3 Ne2+ 33.Kf1 Nf4 34.Rb1 Rad8 35.Raa1 Rd3 36.Rc1 Ra8
37.a5 Ra6 38.Rab1 Rd8 39.Rb6 Rda8 40.Rd1 Kf8 41.Rxa6 Rxa6 42.Rd7 Ne6 43.Ke2 Ke8
44.Rb7 h5 45.h4 Kd8 46.g3 Nc7 47.Rb8+ Ke7 48.f4 exf4 49.gxf4 Ra7 50.Rb6 Ra6
51.f5 Kd7 52.Kd3 Ra7 53.Rb8 Ne8  1-0

[Event "XVII Magistral"]
[Site "Elgoibar ESP"]
[Date "2007.12.11"]
[Round "2"]
[White "Prie,E"]
[Black "Paunovic,D"]
[Result "1/2-1/2"]
[WhiteElo "2532"]
[BlackElo "2535"]

1.d4 d6 2.e4 Nf6 3.Nc3 e5 4.Nf3 Nbd7 5.Bc4 Be7 6.dxe5 Nxe5 7.Be2 O-O 8.Bf4 Ned7
9.O-O Nc5 10.Nd2 Re8 11.Re1 Bf8 12.Bf3 h6 13.h3 a5 14.Bg3 a4 15.Nc4 Be6 16.Qd4 Nfd7
17.Rad1 g6 18.Nd5 Bg7 19.Qd2 Bxd5 20.exd5 f5 21.Bf4 Kh7 22.g3 Nf6 23.h4 Qd7
24.Qb4 Qf7 25.Be3 b6 26.Na3 Nfe4 27.Nb5 Re7 28.Bc1 Rf8 29.Kg2 Nf6 30.Rxe7 Qxe7
31.Nd4 Ng4 32.Re1 Ne5 33.Be2 Qf7 34.Bc4 Nxc4 35.Qxc4 Bxd4 36.Qxd4 Re8 37.Rxe8 Qxe8
38.Qd2 h5 39.Qh6+ Kg8 40.Be3 Ne4 41.Kf1 Nf6 42.Bd4 Kf7 43.c4 Qe4 44.Qe3 Qxe3
45.Bxe3 b5 46.cxb5 Nxd5 47.Bd2 Ke6 48.Ke2 Nb6 49.Kd3 Kd5 50.Be3 Nc4 51.Bd4 Ne5+
52.Kc3 Ng4 53.Ba7 Ke4 54.Kb4 d5 55.Kxa4 d4 56.Kb3 Nxf2 57.a4 Kd5 58.Bb8 Ne4
59.a5 Kc5 60.a6 Kb6 61.Kc4 Nd6+ 62.Kxd4 Nxb5+ 63.Ke5 Kxa6 64.Kf6 Kb7 65.Bxc7 Kxc7
66.Kxg6 Nd6 67.Kxh5 Ne4 68.Kg6 Nxg3 69.Kg5 Kd6 70.Kf4 Nh5+  1/2-1/2

[Event "ch-Central Serbia"]
[Site "Vrnjacka Banja SRB"]
[Date "2007.12.11"]
[Round "3"]
[White "Manojlovic,Se"]
[Black "Mrsevic,M"]
[Result "1-0"]
[WhiteElo "2110"]
[BlackElo "2313"]

1.e4 d6 2.d4 Nf6 3.Nc3 Nbd7 4.Nf3 e5 5.Bg5 c6 6.Bc4 b5 7.dxe5 dxe5 8.Bb3 Qc7
9.Bxf6 gxf6 10.a4 b4 11.Ne2 Nc5 12.Ng3 Ba6 13.Qd2 Rd8 14.Qe3 h5 15.Nf5 Rg8
16.g3 Qa5 17.Nd2 Rg6 18.Nc4 Bxc4 19.Bxc4 h4 20.O-O hxg3 21.hxg3 Ne6 22.Qb3 Ng5
23.Bxf7+  1-0

[Event "XVII Magistral"]
[Site "Elgoibar ESP"]
[Date "2007.12.12"]
[Round "4"]
[White "Huerga Leache,M"]
[Black "Gonzalez de la Torre,S"]
[Result "1-0"]
[WhiteElo "2440"]
[BlackElo "2399"]

1.e4 d6 2.d4 Nf6 3.Nc3 Nbd7 4.g4 h6 5.h3 e5 6.Nge2 c6 7.Bg2 g6 8.O-O Bg7
9.Be3 O-O 10.Qd2 Kh7 11.f4 Qe7 12.Rad1 b5 13.Ng3 Bb7 14.dxe5 dxe5 15.g5 exf4
16.gxf6 Nxf6 17.Bxf4 Rad8 18.Qe2 Qb4 19.Rxd8 Rxd8 20.e5 Nd5 21.Nxd5 cxd5
22.c3 Qa4 23.e6 Re8 24.Be5  1-0

[Event "XVII Magistral"]
[Site "Elgoibar ESP"]
[Date "2007.12.14"]
[Round "6"]
[White "Gomez Esteban,J"]
[Black "Vega Gutierrez,S"]
[Result "1-0"]
[WhiteElo "2490"]
[BlackElo "2331"]

1.d4 d6 2.e4 Nf6 3.Nc3 e5 4.dxe5 dxe5 5.Qxd8+ Kxd8 6.Bd2 c6 7.Bc4 Ke8 8.f4 Nbd7
9.Nf3 Bd6 10.O-O b5 11.Bb3 b4 12.Na4 Nxe4 13.fxe5 Nxd2 14.exd6 Nxf1 15.Re1+ Kf8
16.Re7 f6 17.Kxf1 c5 18.Be6 Rg8 19.Bxd7 Bxd7 20.Nxc5  1-0

[Event "XVII Magistral"]
[Site "Elgoibar ESP"]
[Date "2007.12.14"]
[Round "6"]
[White "Mirzoev,A"]
[Black "Paunovic,D"]
[Result "1/2-1/2"]
[WhiteElo "2545"]
[BlackElo "2535"]

1.d4 d6 2.e4 Nf6 3.Nc3 e5 4.dxe5 dxe5 5.Qxd8+ Kxd8 6.Bc4 Be6 7.Bxe6 fxe6
8.f3 Bd6 9.Be3 a6 10.Nh3 Ke7 11.Nf2 Nbd7 12.Nd3 c5 13.O-O-O c4 14.Nf2 b5
15.Ne2 Bc5 16.Bxc5+ Nxc5 17.Rd2 Rhd8 18.Rxd8 Rxd8  1/2-1/2

[Event "Bundesliga 2007-8"]
[Site "Baden Baden GER"]
[Date "2007.12.15"]
[Round "4"]
[White "Fedorchuk,S"]
[Black "Cyborowski,L"]
[Result "1/2-1/2"]
[WhiteElo "2645"]
[BlackElo "2549"]

1.e4 d6 2.d4 Nf6 3.Nc3 e5 4.Nf3 Nbd7 5.Bc4 Be7 6.O-O O-O 7.Re1 c6 8.a4 b6
9.Ba2 a6 10.h3 Rb8 11.Qd3 b5 12.axb5 axb5 13.b4 Bb7 14.Be3 exd4 15.Nxd4 c5
16.bxc5 Nxc5  1/2-1/2

[Event "KNSB TCh-NED 2007-8"]
[Site "Netherlands NED"]
[Date "2007.12.15"]
[Round "5"]
[White "Pruijssers,R"]
[Black "Broekmeulen,Ja"]
[Result "0-1"]
[WhiteElo "2408"]
[BlackElo "2298"]

1.e4 d6 2.d4 Nf6 3.Nc3 e5 4.Nge2 exd4 5.Nxd4 Be7 6.f3 O-O 7.Be3 Re8 8.Qd2 d5
9.e5 c5 10.exf6 Bxf6 11.Ndb5 d4 12.Ne4 a6 13.Nbd6 dxe3 14.Qd5 Be6 15.Qxb7 Nd7
16.Nxe8 Rb8 17.Qxa6 Bxb2 18.Rb1 Qxe8 19.Bb5 Bd4 20.Bxd7 Bxd7 21.Rb3 Ra8 22.Qd6 Rxa2
23.Qxd7 Qa8 24.Qb7 Qxb7 25.Rxb7 g6 26.Ke2 f5 27.Kd3 fxe4+ 28.fxe4 Ra3+ 29.Rb3 Ra4
30.Rb8+ Kg7 31.Rb7+ Kh6 32.Rhb1 Ra3+ 33.R1b3 Ra1 34.Rb1 Ra3+ 35.R1b3 Ra1
36.c3 Rd1+ 37.Ke2 Rd2+ 38.Ke1 Be5 39.Kf1 Bxh2 40.Rb2 e2+  0-1

[Event "7th Amplico AIG Life"]
[Site "Warsaw POL"]
[Date "2007.12.15"]
[Round "4"]
[White "Kowalski,L"]
[Black "Pakleza,Z"]
[Result "0-1"]
[WhiteElo "2105"]
[BlackElo "2483"]

1.e4 d6 2.d4 Nf6 3.Nc3 c6 4.f3 Qb6 5.Bc4 e6 6.Nge2 d5 7.Bb3 Be7 8.a4 O-O
9.Be3 Qd8 10.Qd2 b6 11.O-O Nbd7 12.e5 Ne8 13.f4 g6 14.f5 exf5 15.Bh6 Ng7
16.Nf4 Bg5 17.Bxg5 Qxg5 18.Rad1 Ne6 19.Nce2 Ba6 20.g3 Nxf4 21.Rxf4 Rfe8 22.c3 f6
23.Bc2 fxe5 24.dxe5 Nxe5 25.Nd4 Rad8 26.Qg2 Bb7 27.Rdf1 c5 28.Nxf5 gxf5 29.Rxf5 Qe3+
30.Kh1 Re7  0-1

[Event "7th Amplico AIG Life"]
[Site "Warsaw POL"]
[Date "2007.12.15"]
[Round "4"]
[White "Sulskis,S"]
[Black "Masternak,G"]
[Result "1-0"]
[WhiteElo "2527"]
[BlackElo "2351"]

1.e4 d6 2.d4 Nf6 3.Nc3 e5 4.Nf3 Nbd7 5.Bc4 Be7 6.O-O O-O 7.Re1 c6 8.a4 b6
9.dxe5 dxe5 10.Nh4 Nc5 11.Nf5 Be6 12.Bxe6 fxe6 13.Qxd8 Bxd8 14.Nd6 Bc7 15.Nc4 a6
16.Be3 Ncd7 17.a5 b5 18.Nb6 c5 19.Nxa8 Rxa8 20.Red1 Kf7 21.Nb1 Ke7 22.Nd2 Rc8
23.c4 b4 24.Nb3 Bd6 25.Rd3 Nxe4 26.Rad1 Rc6 27.Nd2 Nxd2 28.Bxd2 e4 29.Bg5+ Nf6
30.Bxf6+ gxf6 31.Rh3 f5 32.Rxh7+ Kf6 33.b3 Bc7 34.h4 f4 35.Rdd7 Be5 36.Rh6+ Kf5
37.Rf7+ Kg4 38.Rg6+  1-0

[Event "7th Amplico AIG Life"]
[Site "Warsaw POL"]
[Date "2007.12.15"]
[Round "6"]
[White "Majdan,J"]
[Black "Pakleza,Z"]
[Result "0-1"]
[WhiteElo "2295"]
[BlackElo "2483"]

1.e4 d6 2.d4 Nf6 3.Nc3 c6 4.f4 Qb6 5.Nf3 Bg4 6.Be2 Bxf3 7.Bxf3 e5 8.Ne2 Nbd7
9.c3 Be7 10.O-O d5 11.fxe5 Nxe5 12.exd5 Nxf3+ 13.Rxf3 Nxd5 14.c4 Nf6 15.Re3 Qc7
16.Ng3 O-O-O 17.Qe2 Rhe8 18.Nf5 Bf8 19.Re5 Rxe5 20.dxe5 Bc5+ 21.Kf1 Qd7 22.Qf3 Ne4
23.b4 Qd1+ 24.Qxd1 Rxd1+ 25.Ke2 Nc3+ 26.Kf3 Rf1+ 27.Kg4 h5+ 28.Kxh5 Rxf5+
29.Kg4 Rxe5 30.bxc5 Rxc5  0-1

[Event "7th Amplico AIG Life"]
[Site "Warsaw POL"]
[Date "2007.12.15"]
[Round "7"]
[White "Ganguly,S"]
[Black "Markowski,T"]
[Result "1/2-1/2"]
[WhiteElo "2585"]
[BlackElo "2584"]

1.e4 d6 2.d4 Nf6 3.Nc3 e5 4.dxe5 dxe5 5.Qxd8+ Kxd8 6.Bc4 Ke8 7.Bg5 Nbd7 8.O-O-O c6
9.f4 Be7 10.Nf3 h6 11.fxe5 hxg5 12.exf6 gxf6 13.h4 gxh4 14.Nxh4 Ne5 15.Bb3 Bg4
16.Nf5 Rxh1 17.Rxh1 Rd8 18.Ne3 Be6  1/2-1/2

[Event "7th Amplico AIG Life"]
[Site "Warsaw POL"]
[Date "2007.12.15"]
[Round "8"]
[White "Toma,K"]
[Black "Pakleza,Z"]
[Result "0-1"]
[WhiteElo "2283"]
[BlackElo "2483"]

1.e4 d6 2.d4 Nf6 3.Nc3 c6 4.a4 Nbd7 5.Nf3 e5 6.Bc4 Be7 7.O-O O-O 8.Re1 b6
9.h3 Bb7 10.Bb3 a6 11.Be3 b5 12.axb5 axb5 13.Rxa8 Qxa8 14.dxe5 dxe5 15.Nd2 Bc5
16.Qe2 Qa5 17.Rd1 Bd4 18.Bxd4 exd4 19.Ncb1 Re8 20.c3 c5 21.cxd4 cxd4 22.Bc2 Nc5
23.f3 Qb4 24.Na3 Qxb2 25.Qxb5 Qxa3 26.Nc4 Qa7 27.Nd6 Rd8 28.e5 d3  0-1

[Event "7th Amplico AIG Life"]
[Site "Warsaw POL"]
[Date "2007.12.15"]
[Round "8"]
[White "Lind,JO"]
[Black "Sakalauskas,V"]
[Result "0-1"]
[WhiteElo "2206"]
[BlackElo "2402"]

1.e4 d6 2.d4 Nf6 3.Nc3 c6 4.Nf3 Bg4 5.Be2 e6 6.O-O Be7 7.h3 Bh5 8.Bf4 d5
9.exd5 cxd5 10.Ne5 Bxe2 11.Nxe2 Nc6 12.c3 O-O 13.Ng3 Rc8 14.Nh5 b5 15.Nxc6 Rxc6
16.a3 a5 17.Re1 b4 18.cxb4 axb4 19.a4 Qb6 20.Bg5 Qd8 21.Bxf6 Bxf6 22.Nxf6+ Qxf6
23.a5 Ra8 24.Qd3 Rc4 25.Red1 Qd8 26.b3 Rc3 27.Qb5 Qb8 28.Qxb8+ Rxb8 29.Rdb1 g5
30.a6 Kg7 31.a7 Ra8 32.Ra4 Rd3 33.Rc1 Rxb3 34.Rc7 Ra3 35.Rxb4 R8xa7 36.Rxa7 Rxa7
37.Kf1 Ra2 38.g4 Ra3 39.Kg2 Rc3 40.Rb2 Rd3 41.Rb4 Kg6 42.f3 h5 43.gxh5+ Kxh5
44.Kg3 Rd2 45.Rb7 Kg6 46.Rb4 Kh5 47.Rb7 f5 48.h4 f4+ 49.Kh3 Rf2 50.hxg5 Rxf3+
51.Kg2 Rg3+ 52.Kf2 Kxg5 53.Rh7 Rd3 54.Re7 Kf6 55.Ra7 Rxd4 56.Kf3 Ke5 57.Ra8 Rd3+
58.Ke2 Rh3  0-1

[Event "7th Amplico AIG Life Gp3"]
[Site "Warsaw POL"]
[Date "2007.12.16"]
[Round "2"]
[White "Guliyev,N"]
[Black "Markowski,T"]
[Result "0-1"]
[WhiteElo "2560"]
[BlackElo "2584"]

1.e4 d6 2.d4 Nf6 3.Nc3 e5 4.Nge2 Be7 5.g3 Nbd7 6.Bg2 c6 7.O-O b5 8.h3 h5
9.Be3 Bb7 10.a4 a6 11.Qd2 O-O 12.f4 Qc7 13.Kh1 Rfe8 14.Ng1 Bf8 15.Rae1 b4
16.Nd1 exd4 17.Bxd4 c5 18.Bxf6 Nxf6 19.Nf2 Rad8 20.Re3 Bc6 21.b3 Qb7 22.Rfe1 d5
23.Rd3 d4 24.Qe2 Nxe4 25.Bxe4 Bxe4+ 26.Nxe4 f5 27.Qxh5 fxe4 28.Rdd1 Qd5 29.Qxd5+ Rxd5
30.Nf3 Rdd8 31.Ne5 e3 32.Nc4 Kf7 33.Kg2 g6 34.Kf3 Bg7 35.h4 Bf6 36.Rh1 e2
37.Rde1 d3 38.cxd3 Rxd3+ 39.Kg4 Bc3 40.Ne5+ Bxe5 41.fxe5 Rxe5 42.Rh2 Re4+  0-1

[Event "7th Amplico AIG Life"]
[Site "Warsaw POL"]
[Date "2007.12.16"]
[Round "11"]
[White "Berzina,I"]
[Black "Pakleza,Z"]
[Result "1-0"]
[WhiteElo "2281"]
[BlackElo "2483"]

1.e4 d6 2.d4 Nf6 3.Nc3 c6 4.a4 Nbd7 5.f4 e5 6.Nf3 Be7 7.Be2 O-O 8.O-O Re8
9.Kh1 exd4 10.Qxd4 Nc5 11.b4 Ne6 12.Qd3 a5 13.f5 Nf8 14.b5 N8d7 15.Ba3 Qc7
16.Rad1 Ne5 17.Bxd6 Nxd3 18.Bxc7 Nb4 19.Rd2 Ng4 20.Bf4 Bc5 21.h3 Ne3 22.Rc1 g6
23.Nd4 Bxd4 24.Rxd4 Nexc2 25.Rd2 gxf5 26.e5 Be6 27.Rdxc2 Nxc2 28.Rxc2 Rac8
29.bxc6 bxc6 30.Bg5 Rb8 31.Bf3 Bb3 32.Re2 Rb4 33.Bxc6 Rc8 34.Nd5 Bxd5 35.Bxd5 Rc5
36.e6 fxe6 37.Bxe6+ Kg7 38.Kh2 Rxa4 39.Be7 Rc1 40.Bxf5 Rac4 41.Bg5 Rd1 42.Re7+ Kf8
43.Rxh7 a4 44.Ra7 Re1 45.Bg6 Rc6 46.Bh6+  1-0

[Event "VI Memorial Pereyra"]
[Site "Mendoza ARG"]
[Date "2007.12.17"]
[Round "4"]
[White "Alonso,S"]
[Black "Ricardi,P"]
[Result "1/2-1/2"]
[WhiteElo "2403"]
[BlackElo "2519"]

1.e4 d6 2.d4 Nf6 3.Nc3 e5 4.dxe5 dxe5 5.Qxd8+ Kxd8 6.Bc4 Be6 7.Bxe6 fxe6
8.f3 Nc6 9.Be3 Bd6 10.O-O-O Ke7 11.Nh3 a6 12.Nf2 Rhd8 13.Ne2 Kf7 14.Nd3 Nb4
15.Nxb4 Bxb4 16.Rxd8 Rxd8 17.Rd1 Re8 18.c4  1/2-1/2

[Event "57th ch-RUS w"]
[Site "Moscow RUS"]
[Date "2007.12.20"]
[Round "3"]
[White "Pogonina,N"]
[Black "Kovalevskaya,E"]
[Result "1-0"]
[WhiteElo "2462"]
[BlackElo "2448"]

1.e4 d6 2.d4 Nf6 3.Nc3 e5 4.Nf3 Nbd7 5.Bc4 Be7 6.O-O O-O 7.Re1 c6 8.a4 b6
9.b3 a6 10.Bd3 Re8 11.Bb2 Bf8 12.Ne2 exd4 13.Nexd4 Ne5 14.h3 Nxd3 15.Qxd3 c5
16.Nf5 d5 17.exd5 Bxf5 18.Qxf5 Qxd5 19.Qf4 Re4 20.Qc7 Qe6 21.Rxe4 Nxe4 22.Re1 Re8
23.Qb7 f5 24.Ng5 Re7 25.Qxa6 Qd5 26.Nxe4 Rxe4 27.Rxe4 Qxe4 28.Qxb6 Qe1+ 29.Kh2 f4
30.Qc6 Qxf2 31.Qd5+ Kh8 32.Qf3 Qxc2 33.Qxf4 Kg8 34.Qc4+ Qxc4 35.bxc4 Bd6+
36.Kg1 Kf7 37.Kf2 g6 38.Ke3 Ke6 39.Ke4 Bc7 40.Bc3 Bd8 41.a5 Kd6 42.a6 Kc6
43.a7 Kb7 44.Kd5 Bb6 45.a8=Q+ Kxa8 46.Kc6 Ka7 47.Be5 Ka6 48.Bd6 Ka5 49.Bxc5 Bd8
50.Kd7 Bh4 51.Bd6  1-0

[Event "ch-RSA"]
[Site "Milnerton RSA"]
[Date "2007.12.22"]
[Round "11"]
[White "Van den Heever,D"]
[Black "Solomon,K"]
[Result "1-0"]
[WhiteElo "2202"]
[BlackElo "2332"]

1.e4 d6 2.d4 Nf6 3.Nc3 e5 4.Nf3 exd4 5.Qxd4 Be7 6.Bg5 Nc6 7.Bb5 O-O 8.Bxc6 bxc6
9.O-O-O Nd7 10.h4 h6 11.Bxe7 Qxe7 12.Qc4 c5 13.Nd5 Qe6 14.Qd3 Rb8 15.b3 Rb7
16.Kb1 a5 17.Ng5 Ne5 18.Nxe6 fxe6 19.Ne7+ Kf7 20.Qg3 Kxe7 21.f4 Nf7 22.Qxg7 Bd7
23.e5  1-0

[Event "57th ch-RUS w"]
[Site "Moscow RUS"]
[Date "2007.12.23"]
[Round "5"]
[White "Korbut,E"]
[Black "Kovalevskaya,E"]
[Result "1-0"]
[WhiteElo "2443"]
[BlackElo "2448"]

1.e4 d6 2.d4 Nf6 3.Nc3 e5 4.Nf3 Nbd7 5.Bc4 Be7 6.O-O O-O 7.Re1 c6 8.a4 b6
9.b3 a6 10.d5 c5 11.Bd3 Nh5 12.Nd2 g6 13.Nc4 Qc7 14.Be3 Rb8 15.Qd2 Ndf6 16.f3 Ne8
17.Reb1 a5 18.Nb5 Qd7 19.c3 f5 20.b4 fxe4 21.fxe4 Nf4 22.bxc5 bxc5 23.Nxa5 Bg5
24.Bxf4 Bxf4 25.Qe2 Nf6 26.g3 Bh6 27.Nc4 Ne8 28.Rf1 Ba6 29.Na5 Rxf1+ 30.Rxf1 c4
31.Nxc4 Bxb5 32.axb5 Qxb5 33.Qg4 Qc5+ 34.Kg2 Qc8 35.Qh4 Bf8 36.Be2 Qd8 37.Bg4 Qxh4
38.Be6+ Kg7 39.Rf7+ Kh6 40.gxh4 Ng7 41.Bg4 Nh5 42.Bxh5 Kxh5 43.Rxh7+ Kg4
44.Rf7 Kxh4 45.h3 Kh5 46.Kf2 Bh6 47.Rh7 g5 48.Nxd6 Kg6 49.Rb7 Ra8 50.Nf5 Bf8
51.d6 Kf6 52.d7 Rd8 53.Kf3 Ke6 54.Kg4 Be7 55.c4 Bf6 56.Rb6+ Kf7 57.Nh6+ Ke7
58.c5 Rf8 59.Rb7 Ke6 60.Nf5 Ra8 61.Rb6+ Kf7 62.c6 Bd8 63.Rb7  1-0

[Event "5th Elizaveta Bykova Mem"]
[Site "Vladimir RUS"]
[Date "2007.12.23"]
[Round "9"]
[White "Meshcheriakova,E"]
[Black "Mkrtchian,L"]
[Result "0-1"]
[WhiteElo "2302"]
[BlackElo "2402"]

1.e4 d6 2.d4 Nf6 3.Nc3 e5 4.Nf3 Nbd7 5.Bc4 Be7 6.O-O O-O 7.Re1 c6 8.a4 b6
9.Ba2 a6 10.h3 Rb8 11.Nh4 exd4 12.Qxd4 Nc5 13.Be3 Ng4 14.hxg4 Bxh4 15.Bf4 Be7
16.Rad1 Bxg4 17.f3 Be6 18.Bxd6 Bxd6 19.Qxd6 Qg5 20.Bxe6 Nxe6 21.Ne2 Rbd8
22.Qxc6 Qe3+ 23.Kf1 Rc8 24.Qd6 Rxc2 25.Rd3 Qc5 26.b3 g6 27.Qxc5 bxc5 28.Rc1 Rb2
29.g3 Rb8 30.Rcc3 Rb4 31.Nf4 Nd4 32.Rxc5 Nxb3 33.Rc8+ Kg7 34.a5 Ra4 35.Rd1 Nd2+
36.Ke2 Nxe4+ 37.Ke3 Nxg3 38.Nd5 Nf5+  0-1

[Event "Abierto"]
[Site "Pamplona ESP"]
[Date "2007.12.24"]
[Round "4"]
[White "Mellado Trivino,J"]
[Black "Puerto Traver,J"]
[Result "1-0"]
[WhiteElo "2410"]
[BlackElo "2130"]

1.d4 d6 2.e4 Nf6 3.Nc3 c6 4.f4 Qa5 5.e5 Ne4 6.Bd3 Bf5 7.Bd2 Nxd2 8.Qxd2 Bxd3
9.Qxd3 e6 10.Nf3 Nd7 11.O-O Be7 12.exd6 Bxd6 13.f5 O-O-O 14.Ng5 Rhf8 15.Nce4 Be7
16.fxe6 Bxg5 17.exd7+ Rxd7 18.Rf5 Qb6 19.Nc5 Bf6 20.c3 Re7 21.Rf2 Rfe8 22.Qxh7 Qb5
23.Qf5+ Kc7 24.g3 b6 25.Qf4+ Be5 26.dxe5 Qxc5 27.e6+ Qd6 28.exf7 Rf8 29.Qxd6+ Kxd6
30.Rd1+ Kc7 31.Rdf1 Re3 32.Kg2 Kd7 33.h4 Ke7 34.Kh3 Re6 35.h5 Rf6 36.Rxf6 gxf6
37.g4 Rd8 38.g5 Kxf7 39.Rxf6+ Kg8 40.Rxc6  1-0

[Event "CERRADO IM"]
[Site "Mondariz-Balneario ESP"]
[Date "2007.12.27"]
[Round "2"]
[White "Andres Gonzalez,I"]
[Black "Garcia Castro,P"]
[Result "1/2-1/2"]
[WhiteElo "2381"]
[BlackElo "2386"]

1.e4 d6 2.d4 Nf6 3.Nc3 e5 4.Nf3 Nbd7 5.Bc4 Be7 6.O-O O-O 7.Re1 c6 8.a4 h6
9.a5 Re8 10.h3 Bf8 11.d5 b5 12.axb6 Nxb6 13.Bb3 Bb7 14.dxc6 Bxc6 15.Be3 Qc7
16.Qd3 Qb7 17.Bxb6 axb6 18.Nd2 b5 19.Nd5 Bxd5 20.exd5 Nd7 21.Qf3  1/2-1/2

[Event "Weihnachtsopen Meister"]
[Site "Zurich SUI"]
[Date "2007.12.27"]
[Round "2"]
[White "Muheim,L"]
[Black "Schmidt Schaeffer,S"]
[Result "1-0"]
[WhiteElo "2188"]
[BlackElo "2395"]

1.e4 d6 2.d4 Nf6 3.Nc3 Nbd7 4.Nf3 e5 5.Bc4 Be7 6.O-O O-O 7.Re1 a6 8.a4 b6
9.dxe5 dxe5 10.Nd5 Bb7 11.b3 Nxd5 12.Bxd5 c6 13.Bc4 Qc7 14.Bb2 b5 15.Bd3 Rfe8
16.Qe2 Bd6 17.Nh4 g6 18.Qg4 Nc5 19.Re3 Bc8 20.Qg3 bxa4 21.Bc4 Be6 22.Bxe6 Rxe6
23.Nf5 Bf8 24.bxa4 Rb8 25.Bc3 Rb7 26.Qg4 Qb8 27.Ree1 Rf6 28.f4 Nxe4 29.Bxe5 Bc5+
30.Kf1 Qxe5 31.fxe5 Rxf5+ 32.Ke2 Rb4 33.Qh3 Rd4 34.Red1 Rxe5 35.Rxd4 Bxd4
36.Qa3 Bc5 37.Qb2 Re8 38.Re1 Bf2 39.Rf1 Bh4 40.Kd3 Nc5+ 41.Kc4 Nxa4 42.Qd4 Bd8
43.Rb1 c5 44.Qd7 Re4+ 45.Kb3 Bf6 46.Qxa4 Rxa4 47.Kxa4 h5 48.Rb6 Bd4 49.Rxa6 Kg7
50.Kb5 f5 51.Kc4 h4 52.Kd5 g5 53.c4 g4 54.h3 Kh7 55.Re6 f4 56.hxg4 f3 57.gxf3 Kg7
58.g5  1-0

[Event "Weihnachtsopen Meister"]
[Site "Zurich SUI"]
[Date "2007.12.28"]
[Round "4"]
[White "Wyss,T"]
[Black "Pikula,D"]
[Result "0-1"]
[WhiteElo "2266"]
[BlackElo "2494"]

1.e4 d6 2.d4 Nf6 3.Nc3 Nbd7 4.Nf3 e5 5.Bc4 Be7 6.O-O O-O 7.Re1 c6 8.a4 a5
9.Bf1 Re8 10.g3 Bf8 11.Bg2 h6 12.b3 exd4 13.Nxd4 Nc5 14.h3 Qb6 15.Bb2 Bd7
16.Qd2 Rad8 17.Rad1 Bc8 18.Qf4 Nfd7 19.Qc1 Ne5 20.Nb1 Na6 21.Nd2 Nb4 22.f4 Nd7
23.Nc4 Qa7 24.c3 Na6 25.Kh2 Nac5 26.Qc2 Nf6 27.b4 axb4 28.cxb4 Ncxe4 29.Bxe4 d5
30.Bd3 Rxe1 31.Rxe1 dxc4 32.Qxc4 Nd5 33.b5 Nb6 34.Qc2 c5 35.Nf5 Qxa4 36.Qc3 Bxf5
37.Bxf5  0-1

[Event "XVIII Cracovia"]
[Site "Krakow POL"]
[Date "2007.12.29"]
[Round "3"]
[White "Rudnicki,M"]
[Black "Savickas,A"]
[Result "1/2-1/2"]
[WhiteElo "2160"]
[BlackElo "2368"]

1.e4 d6 2.d4 Nf6 3.Nc3 e5 4.dxe5 dxe5 5.Qxd8+ Kxd8 6.Bg5 Be6 7.O-O-O+ Nd7
8.Nf3 Kc8 9.h3 c6 10.Bd3 Bc5 11.Bh4 h6 12.Bg3 Nh5 13.Bxe5 Nxe5 14.Nxe5 Bxf2
15.Rhf1 Be3+ 16.Kb1 Bf4 17.Nxc6 bxc6 18.Be2 Be5 19.Bxh5 Rb8 20.Na4 g6 21.Bf3 Kc7
22.b3 Rbd8 23.Nc5 Bc8 24.Be2 Rxd1+ 25.Bxd1 f6 26.Bg4 Bxg4 27.hxg4 Re8 28.Rd1  1/2-1/2

[Event "XVIII Cracovia"]
[Site "Krakow POL"]
[Date "2007.12.29"]
[Round "4"]
[White "Piorun,K"]
[Black "Kuzmicz,K"]
[Result "1-0"]
[WhiteElo "2353"]
[BlackElo "2422"]

1.e4 d6 2.d4 Nf6 3.Nc3 e5 4.Nf3 Nbd7 5.g4 g6 6.g5 Nh5 7.Be3 Bg7 8.Qd2 O-O
9.O-O-O c6 10.dxe5 dxe5 11.Bh3 Qc7 12.Qd6 Qxd6 13.Rxd6 Nb6 14.Bxc8 Rfxc8
15.b3 Bf8 16.Rdd1 Re8 17.a4 Bb4 18.Ne2 Nf4 19.Ng3 Bc3 20.h4 Ne6 21.Ne2 Bb4
22.Nxe5 Nxg5 23.hxg5 Rxe5 24.f3 Ree8 25.Rh2 Rad8 26.Rdh1 h5 27.gxh6 Kh7 28.c3 Bf8
29.Kc2 Nc8 30.Bg5 Rd7 31.Nf4 Ne7 32.Nd3 Ng8 33.e5 Re6 34.f4 b5 35.Nf2 f6
36.Ne4 Be7 37.Bxf6 Bxf6 38.Nc5 Rde7 39.Nxe6 Rxe6 40.exf6 Nxf6 41.axb5 cxb5
42.Rd1 Re7 43.Rh4 Rf7 44.Rd4 Nh5 45.b4 Kxh6 46.Rd5 a6 47.Kd3 Rf6 48.Ke3 Kg7
49.Rd7+ Kg8 50.Ra7 Rc6 51.Kd4 Rf6 52.Ke4 Rc6 53.Kd5 Rf6 54.Ke5 Rf5+ 55.Ke4 Rf6
56.Rg4 Kf8 57.Rc7 Re6+ 58.Kf3 Rf6 59.Rh4 Kg8 60.Rc5 Kf7 61.f5 Ng7 62.Rc7+ Kg8
63.Re4 gxf5 64.Ree7 Rg6 65.Kf4 Kf8 66.Ra7 Rg4+ 67.Kf3 Rg6 68.Reb7 Kg8 69.Kf4 Kh7
70.Ke5 Re6+ 71.Kf4 Rg6 72.Ke5 Re6+ 73.Kd5 Rg6 74.Rd7 Rg3 75.Rxa6 Rxc3 76.Raa7 Rg3
77.Rf7 Kg8 78.Kc5 f4 79.Kxb5 f3 80.Rf4 Ne6 81.Rf6 Rg5+ 82.Ka4 Nd4 83.Rd7 Rf5
84.Rg6+ Kf8 85.Rxd4 f2 86.Rd1 f1=Q 87.Rxf1 Rxf1 88.Re6 Ra1+ 89.Kb5 Kf7 90.Re2 Ra8
91.Kc5 Rc8+ 92.Kd6 Rb8 93.Rb2 Ke8 94.Kc7 Rb5 95.Re2+ Kf7 96.Re4 Kf6 97.Kc6  1-0